| 000 | 00000nam##2200000za#4500 |
| 001 | 9.570455 |
| 003 | CaOODSP |
| 005 | 20210624182240 |
| 007 | cr ||||||||||| |
| 008 | 150406|2008||||xxc|||||o f|0| 0 eng|d |
| 040 | |aCaOODSP|beng |
| 043 | |an-cn--- |
| 086 | 1 |aYC27-0/392-9E-PDF |
| 110 | 1 |aCanada. |bParliament. |bSenate. |bStanding Committee on Agriculture and Forestry. |
| 245 | 10|aBeyond freefall : |h[electronic resource]|bhalting rural poverty / |cThe Honourable Joyce Fairbairn, P.C., chair; The Honourable Leonard J. Gustafson, deputy chair. |
| 246 | 3 |aFinal report of the Standing Senate Committee on Agriculture and Forestry |
| 260 | |aOttawa - Ontario : |bSenate. |cJune 2008. |
| 300 | |a408p.|bcoloured map, fig., graphs, references, tables |
| 490 | 1 |aReport of the Standing Senate Committee on Agriculture and Forestry|v39th Parliament, 2nd Session, [9th report] |
| 590 | |a11-12-Supp|b2011-07-29 |
| 775 | 08|tAu-delà de l'exode : |w(CaOODSP)9.601131 |
| 830 | #0|aReport of the Standing Senate Committee on Agriculture and Forestry ;|v39th Parliament, 2nd Session, [9th report]|w(CaOODSP)9.505641 |
| 856 | 40|ahttp://publications.gc.ca|qPDF|s2.31 MB|uhttps://publications.gc.ca/collections/collection_2011/sen/yc27-0/YC27-0-392-9-eng.pdf|y39th Parliament, 2nd Session, [9th report] |